Agricultural Biomass Based Potential Materials/ (Record no. 615731)

000 -LEADER
fixed length control field 00355nam a22001217a 4500
040 ## - CATALOGING SOURCE
Transcribing agency ASAB
082 ## - DEWEY DECIMAL CLASSIFICATION NUMBER
Classification number 620.11
245 ## - TITLE STATEMENT
Title Agricultural Biomass Based Potential Materials/
Remainder of title editor: Khalid Rehman Hakeem,Mohammad Jawaid and Othman Y. Alothman.
250 ## - EDITION STATEMENT
Edition statement First Edition
260 ## - PUBLICATION, DISTRIBUTION, ETC.
Place of publication, distribution, etc. Switzerland
Name of publisher, distributor, etc. Springer
Date of publication, distribution, etc. 2015
300 ## - PHYSICAL DESCRIPTION
Extent 505p.
942 ## - ADDED ENTRY ELEMENTS (KOHA)
Source of classification or shelving scheme
Koha item type Book
Holdings
Withdrawn status Lost status Source of classification or shelving scheme Damaged status Not for loan Permanent Location Current Location Date acquired Source of acquisition Total Checkouts Full call number Barcode Date last seen Price effective from Koha item type
          Atta-ur-Rahman School of Applied Biosciences (ASAB) Atta-ur-Rahman School of Applied Biosciences (ASAB) 12/30/2025 Donation   620.11 AGR 2015 3540 ASAB3540 12/30/2025 12/30/2025 Book
© 2023 Central Library, National University of Sciences and Technology. All Rights Reserved.